Пропуск в контексте

История для бакалавров учебное пособие

В хронологической последовательности рассматриваются основные события и явления мировой и отечественной истории. Пособие содержит краткие биографические сведения о важнейших деятелях мировой и отечественной истории и культуры, многочисленные схемы и таблицы. Предназначено для студентов бакалавриата,...

Полное описание

Сохранить в:
Библиографические подробности
Главный автор: Боярченков В. В.
Другие авторы: Демидов С. В., Крючков Н. Н., Пылькин В. А., Ручкина Е. В., Соколов А. С.
Формат: Книга
Язык:Russian
Опубликовано: Рязань РГРТУ 2016
Online-ссылка:https://e.lanbook.com/book/167978
https://e.lanbook.com/img/cover/book/167978.jpg
Метки: Добавить метку
Нет меток, Требуется 1-ая метка записи!
LEADER 01813nam0a2200301 i 4500
001 167978
003 RuSpLAN
005 20221220174120.0
008 221220s2016 ru gs 000 0 rus
040 |a RuSpLAN 
041 0 |a rus 
044 |a ru 
080 |a 94 
245 0 0 |a История для бакалавров  |b учебное пособие  |c Боярченков В. В.,Демидов С. В.,Крючков Н. Н.,Пылькин В. А.,Ручкина Е. В.,Соколов А. С. 
260 |a Рязань  |b РГРТУ  |c 2016 
300 |a 144 с. 
504 |a Библиогр.: доступна в карточке книги, на сайте ЭБС Лань 
520 8 |a В хронологической последовательности рассматриваются основные события и явления мировой и отечественной истории. Пособие содержит краткие биографические сведения о важнейших деятелях мировой и отечественной истории и культуры, многочисленные схемы и таблицы. Предназначено для студентов бакалавриата, изучающих курс «История». 
521 8 |a Книга из коллекции РГРТУ - Социально-гуманитарные науки 
100 1 |a Боярченков В. В. 
700 1 |a Демидов С. В. 
700 1 |a Крючков Н. Н. 
700 1 |a Пылькин В. А. 
700 1 |a Ручкина Е. В. 
700 1 |a Соколов А. С. 
856 4 |u https://e.lanbook.com/book/167978 
856 4 8 |u https://e.lanbook.com/img/cover/book/167978.jpg 
953 |a https://e.lanbook.com/img/cover/book/167978.jpg